00584 a2200193 450000100060000002000150000604000240002110000170004524000210006224500160008330000070009936200090010644000120011565000310012794200070015895201040016595201040026999900170037369538 a851605182X cAnchieta - Itaigara aFurnari, Eva10aFelpo Filvalpor10aFelpo Filva a560 a2008 1aModerna 4aLiteratura infanto-juvenil cBK 00104070a88.1b88.1d2023-11-21l0o028.5 FUR FELp1957/ITAr2023-11-21 20:04:08w2023-11-21yBK 00104070a88.1b88.1d2023-11-21l0o028.5 FUR FELp1958/ITAr2023-11-21 20:04:08w2023-11-21yBK c69538d69538